Nữ thần và thánh mẫu Thái Bình

Giới thiệu về nguồn gốc lịch sử và phong tục thờ cúng các vị thần, thánh mẫu, những vị nữ anh hùng có công giết giặc ngoại xâm, các bà chúa của làng nghề truyền thống ở Thái Bình.

Đã lưu trong:
Bibliografiske detaljer
Hovedforfatter: Phạm, Minh Đức
Format: Bog
Sprog:Undetermined
Udgivet: Hà Nội Thời đại 2013
Fag:
Tags: Tilføj Tag
Ingen Tags, Vær først til at tagge denne postø!
Thư viện lưu trữ: Trung tâm Học liệu Trường Đại học Cần Thơ
LEADER 00938nam a2200205Ia 4500
001 CTU_186313
008 210402s9999 xx 000 0 und d
082 |a 398.20959736 
082 |b Đ552 
100 |a Phạm, Minh Đức 
245 0 |a Nữ thần và thánh mẫu Thái Bình 
245 0 |c Phạm Minh Đức, Bùi Duy Lan 
260 |a Hà Nội 
260 |b Thời đại 
260 |c 2013 
520 |a Giới thiệu về nguồn gốc lịch sử và phong tục thờ cúng các vị thần, thánh mẫu, những vị nữ anh hùng có công giết giặc ngoại xâm, các bà chúa của làng nghề truyền thống ở Thái Bình. 
650 |a Folk literature, Vietnamese,Văn học dân gian 
650 |x History and criticism,Lịch sử và phê bình 
910 |a Hải 
980 |a Trung tâm Học liệu Trường Đại học Cần Thơ